<?xml version="1.0" encoding="UTF-8"?>
<record
    xmlns:xsi="http://www.w3.org/2001/XMLSchema-instance"
    xsi:schemaLocation="http://www.loc.gov/MARC21/slim http://www.loc.gov/standards/marcxml/schema/MARC21slim.xsd"
    xmlns="http://www.loc.gov/MARC21/slim">

  <leader>00924cam a22002411  4500</leader>
  <controlfield tag="001">sg 32000073 </controlfield>
  <controlfield tag="003">DLC</controlfield>
  <controlfield tag="005">20260227112740.0</controlfield>
  <controlfield tag="008">810920s1932    xx a          000 0 eng  </controlfield>
  <datafield tag="010" ind1=" " ind2=" ">
    <subfield code="a">sg 32000073 </subfield>
  </datafield>
  <datafield tag="035" ind1=" " ind2=" ">
    <subfield code="a">(OCoLC)14727342</subfield>
  </datafield>
  <datafield tag="040" ind1=" " ind2=" ">
    <subfield code="a">DLC</subfield>
    <subfield code="c">DNLM</subfield>
    <subfield code="d">DLC</subfield>
  </datafield>
  <datafield tag="042" ind1=" " ind2=" ">
    <subfield code="a">premarc</subfield>
  </datafield>
  <datafield tag="050" ind1="0" ind2="0">
    <subfield code="a">RC179.E3</subfield>
    <subfield code="b">W3</subfield>
  </datafield>
  <datafield tag="060" ind1="0" ind2=" ">
    <subfield code="a">W1</subfield>
    <subfield code="b">CA1596 no.3 1932</subfield>
  </datafield>
  <datafield tag="100" ind1="1" ind2=" ">
    <subfield code="a">Wak&#x12B;l, &#x2BB;Abd al-W&#x101;&#x1E25;id.</subfield>
  </datafield>
  <datafield tag="245" ind1="1" ind2="4">
    <subfield code="a">The third pandemic of plague in Egypt;</subfield>
    <subfield code="b">historical, statistical and epidemiological remarks on the first thirty two years of its prevalence,</subfield>
    <subfield code="c">by A. W. Wakil ...</subfield>
  </datafield>
  <datafield tag="260" ind1=" " ind2=" ">
    <subfield code="a">Cairo,</subfield>
    <subfield code="b">Published by the Egyptian University,</subfield>
    <subfield code="c">1932.</subfield>
  </datafield>
  <datafield tag="300" ind1=" " ind2=" ">
    <subfield code="a">6 p. l., 5-169 p., 1 l.</subfield>
    <subfield code="b">ill.</subfield>
  </datafield>
  <datafield tag="490" ind1="1" ind2=" ">
    <subfield code="a">The Egyptian university.  The Faculty of medicine.    Publication</subfield>
    <subfield code="v">no. 3</subfield>
  </datafield>
  <datafield tag="504" ind1=" " ind2=" ">
    <subfield code="a">"References": p. 167-169.</subfield>
  </datafield>
  <datafield tag="810" ind1="1" ind2=" ">
    <subfield code="a">Cairo (Egypt).</subfield>
    <subfield code="b">Egyptian University.</subfield>
    <subfield code="b">Faculty of Medicine.</subfield>
    <subfield code="t">Publication ;</subfield>
    <subfield code="v">no. 3.</subfield>
  </datafield>
  <datafield tag="999" ind1=" " ind2=" ">
    <subfield code="c">90241</subfield>
    <subfield code="d">90241</subfield>
  </datafield>
</record>
